Tottenham Hotspur's Opponents in European Finals - Statistics

General Stats
  • This quiz has been taken 251 times
  • The average score is 4 of 6
Answer Stats
Season Competition Result Opponents % Correct
2024–25 UEFA Europa League W Manchester United
99%
2018–19 UEFA Champions League RU Liverpool
97%
1971–72 UEFA Cup W Wolverhampton Wanderers
55%
1983–84 UEFA Cup W Anderlecht
45%
1962–63 European Cup Winners' Cup W Atlético Madrid
32%
1973–74 UEFA Cup RU Feyenoord
31%
No matching quizzes found
Score Distribution
Percent of People with Each Score
Percentile by Number Answered
Your Score History
You have not taken this quiz